| 000 | 00417nam a22001457a 4500 | ||
|---|---|---|---|
| 999 |
_c4496 _d4496 |
||
| 003 | GBCCL | ||
| 005 | 20241126110519.0 | ||
| 008 | 180123b xxu||||| |||| 00| 0 eng d | ||
| 040 | _cgbc | ||
| 100 |
_aMacArthur, John _98028 |
||
| 245 |
_aMasteriang Materialism: _bStudy Notes Matthew 6: 19-34 / _cJohn MacArthur |
||
| 260 |
_aWord of Grace Communications, _bPanorama: _c1983 |
||
| 300 |
_a89 p.; _c23 cm. |
||
| 942 |
_2ddc _cBK |
||